| 000 | 00399nam a22001577a 4500 | ||
|---|---|---|---|
| 999 |
_c3216 _d3216 |
||
| 003 | OSt | ||
| 005 | 20210901104352.0 | ||
| 008 | 210901b ||||| |||| 00| 0 eng d | ||
| 020 | _a9060871995 | ||
| 040 | _cALUPE UNIVERSITY | ||
| 050 |
_aQM 550 _b.D78 1975 |
||
| 245 | _aCOMPENDIUM ANATOMIE ATLAS | ||
| 300 |
_aiv, 144p; _bill., (some col.) _c23cm. |
||
| 500 | _aIncludes index. | ||
| 942 |
_2lcc _cBK _nCM |
||